000 02116nam a22002657a 4500
999 _c21688
_d21688
003 AR-CdUCM
008 190425b ||||| |||| 00| 0 spa d
040 _aMUNICIPALIDAD PROVINCIAL DEL CUSCO
_cBIBLIOTECA MUNICIPAL DEL CUSCO
082 _aRev.Univ/N°10/1914
_bRev.Univ/N°10/1914
110 _aUniversidad Nacional de San Antonio Abad del Cusco
_915942
245 _aRevista Universitaria :
_bÓrgano de la Universidad del Cuzco /
260 _aCusco :
_bEl Trabajo,
_cagosto 1914.
300 _a48 páginas. :
_c20 cm.
440 _aRevista Universitaria
_nAño III, agosto 1914, N°10
_945786
500 _aEdición especial conmemorativa del centenario de la Revolución del Cuzco del año de 1814.
505 _aContenido: Razón de las piezas justificativas que acreditan la verdad de la memoria -- Recurso de los ciudadanos del Cuzco al gobernador político. -- Acta de la Junta Municipal de la Merced de 7 de febrero de 1813. -- Recurso del Brigadier Pumaccahua al Excelentísimo señor Virrey. -- Delación de don Mariano Zuvizarreta. -- Delación de don Mariano Arriaga. -- Delación de don José Taboada. -- Oficio del Cabildo del Cuzco al Gobierno de 6 de noviembre de 1813. -- Contestación del Gobierno al Cabildo. -- Certificación del escribano Ledesma acerca de los actos que formó el Alcalde constitucional doctor Martín Valer al Gobierno por los muertos de la noche del 5 de noviembre de 1813. -- Acta de las corporaciones del Cuzco ya insurreccionadas de 4 de agosto de 1814. -- Fórmula del Juramento dirigido por el Reverendo Obispo a los prelados regulares. -- Borrador del poder encontrado entre los papeles del prebendado don Francisco Carrasco para autorizar con a los plenipotenciarios del Gobierno del Cuzco para hacer tratados con el de Buenos Aires.
650 _aHistoria del Cusco
_91714
650 _aRevolución del Cusco 1814
_945787
650 _aMateo Pumacahua
_945788
650 _aLevantamientos andinos
_944095
650 _aHistoria Republicana
_945789
710 _aUniversidad Nacional de San Antonio Abad del Cusco
_915942
942 _2ddc
_cPP
945 _arac